000 00584nam a2200193Ia 4500
005 20260120132508.0
008 008 260114s9999 xx 000 0 eng d
020 _a9780191995460
037 _aEBOOK
040 _aCRL
_beng
_cCRL
041 _aeng
_2eng
084 _qCRL
100 _aBocci et al
_9939717
245 0 _aRich Descriptions and Simple Explanations in Morphosyntax and Language Acquisition
260 _bOxford University PressOxford University Press
_c2024
856 _uhttps://academic.oup.com/book/57581
942 _cEBOOK
999 _c1531641
_d1531641